How global is the business of retail? (Record no. 116084)

MARC details
000 -LEADER
fixed length control field 01296cad a22002295a 4500
001 - CONTROL NUMBER
control field L159673
008 - FIXED-LENGTH DATA ELEMENTS--GENERAL INFORMATION
fixed length control field 120615s2016 xxk 000 0 eng d
035 ## - SYSTEM CONTROL NUMBER
System control number (Sirsi) u159673
041 0# - LANGUAGE CODE
Language code of text/sound track or separate title eng
110 1# - MAIN ENTRY--CORPORATE NAME
Corporate name or jurisdiction name as entry element CBRE
245 00 - TITLE STATEMENT
Title How global is the business of retail?
Remainder of title 2016
Medium [electronic resource]
250 ## - EDITION STATEMENT
Edition statement 9th ed.
260 ## - PUBLICATION, DISTRIBUTION, ETC.
Place of publication, distribution, etc. London
Name of publisher, distributor, etc. CBRE
Date of publication, distribution, etc. 2016
505 2# - FORMATTED CONTENTS NOTE
Formatted contents note Introduction -- Global retail footprint -- Hot markets for new entrants -- Global ranking -- Outlook -- Appendices -- Rankings -- Contacts
520 ## - SUMMARY, ETC.
Summary, etc. Analyses the operational networks of 334 leading international retailers across 61 countries, covering the vast majority of the world economy. The focus of this edition is threefold. To map the footprint of leading global retailers at country level and 191 of the world's largest cities. To examine the extent to which retailers have expanded their global operations in 2015. To provide a definitive benchmark against which to measure future changes in the global retail environment.
590 ## - LOCAL NOTE (RLIN)
Local note NTK KA
650 24 - SUBJECT ADDED ENTRY--TOPICAL TERM
Topical term or geographic name entry element RETAIL
651 #4 - SUBJECT ADDED ENTRY--GEOGRAPHIC NAME
Geographic name International
690 ## - LOCAL SUBJECT ADDED ENTRY--TOPICAL TERM (OCLC, RLIN)
Topical term or geographic name as entry element Commercial property
9 (RLIN) 6227
856 40 - ELECTRONIC LOCATION AND ACCESS
Uniform Resource Identifier <a href="https://www.cbre.co.uk/research-and-reports/How-Global-is-the-Business-of-Retail-2016-1">https://www.cbre.co.uk/research-and-reports/How-Global-is-the-Business-of-Retail-2016-1</a>
Public note View the report at www.cbre.co.uk/research-and-reports
942 ## - ADDED ENTRY ELEMENTS (KOHA)
Suppress in OPAC 0
Holdings
Withdrawn status Lost status Source of classification or shelving scheme Damaged status Not for loan Home library Current library Shelving location Date acquired Total Checkouts Full call number Barcode Date last seen Copy number Price effective from Koha item type
    Dewey Decimal Classification     Virtual Virtual Online 08/12/2017   ONLINE PUBLICATION 159673-2001 06/08/2019 1 06/08/2019 Book